Antigos conventos do Algarve (Registo nº 707)

Detalhes MARC
000 -Etiqueta do registo
Cabeçalho 00715nam a2200289 4500
005 - Identificador da versão
Campo de controlo 20240822154014.0
010 ## - Número internacional normalizado dos livros (ISBN)
Número (ISBN) 9727726313
021 ## - Número do Depósito Legal
Código do país PT
035 ## - Other System Control Numbers
System Control Number 0000737
System Control Number 0000732
System Control Number 0000732
System Control Number 0000720
100 ## - Dados gerais de processamento
Dados gerais de processamento 20060329d2006 m y0pory5003 ba
101 0# - Língua de publicação
Língua do texto, banda sonora, etc. Português
102 ## - Pais de publicação ou produção
País de publicação Portugal
105 ## - Campo de dados codificados: livros
Dados codificados dos livros y z 000yy
106 ## - Campo de dados codificados: material textual
Dados codificados do material textual r
200 1# - Titulo e menção de responsabilidade
Título próprio Antigos conventos do Algarve
Informação de outro título um percurso pelo património da região
Primeira menção de responsabilidade Marado Catarina Almeida
210 ## - Publicação, Distribuição, etc. 
Lugar da edição, distribuição, etc. Lisboa
Nome do editor, distribuidor, etc. Colibri
Data da publicação, distribuição, etc. 2006
215 ## - Descrição física 
Indicação específica da natureza do documento e extensão da espécie p.
225 2# - Colecção 
Título próprio da colecção Extra-colecção
675 ## - Classificação Decimal Universal (CDU)
Notação 726
Edição BN
Língua da edição por
Edição BN
Língua da edição por
Notação 272-788
Edição BN
Língua da edição por
700 #1 - Nome de autor-pessoa física (responsabilidade principal)
Número de registo de entrada de autoridade 0000941
Palavra de ordem Marado
Outra parte do nome não tomada para palavra de ordem Catarina Almeida
942 ## - Elementos de entrada adicionados (Koha)
Tipo de item no Koha Livro
Exemplares
Situação do levantamento Origin of item (home branch) (coded) Biblioteca de empréstimo Código de barras Circulation type (not for loan) Tipo de documento Nota do exemplar Damaged status
  Biblioteca Escolar Eng. Nuno Mergulhão Biblioteca Escolar Eng. Nuno Mergulhão BENM1196   Livro Sem mensagem